Dates historiques aléatoires (I) - Statistiques

Statistiques générales
  • Ce quiz a été pris 117 fois
  • Le résultat moyen est 9 sur 15
Statistiques - réponses
Evénement Date(s) % Correct
Bataille de Waterloo 1815
84%
Mort de Staline 1953
80%
Harry Truman devient Président des Etats Unis 1945
77%
Début de construction du mur de Berlin 1961
75%
Lancement Spoutnik 1957
73%
Poutine arrive au pouvoir 2000
72%
Date de création de la Chine populaire de Mao Zedong 1949
66%
Crise des Sudètes 1938
60%
Election de Ronald Reagan aux USA 1981
56%
Visite de R. Nixon en Chine 1972
49%
Mort de Charlemagne 814
45%
Conférence de Téhéran 1943
44%
Mort de Mahomet 632
42%
Déclaration Balfour 1917
23%
Droit de grève en France 1864
11%
Aucun quiz correspondant
Distribution des résultats
% des personnes avec chaque résultat
Percentile par nombre de réponses
Votre historique - résultats
Vous n’avez pas pris ce quiz